000 01109nam a2200253 a 4500
001 BRCA_165
005 20190320202916.0
008 960103s1994 po-a---##b---#000-0#por-#
020 _a9728176066
040 _aDLC
_cDLC
_dDLC
050 4 _aF2511
_b.B73 1995
245 1 0 _aO Brasil dos viajantes
_bMuseu de Arte de São Paulo Assis Chateaubriand
_ctextos Ana María de Morales Belluzzo.
260 _a[Lisboa]
_c1995
300 _a67 p.
_bil. (algunas a color)
_c30 cm.
500 _aCatálogo de la exposición realizada en el Museo de Arte de Sao Paulo Assis chateaubriand, 20 octubre-18 diciembre 1994 y en la Fundacao Das Descobertas Centro Cultural de Belém, 26 enero-2 abril 1995
504 _aBibliografía: p. 63-66
650 1 4 _aEtnología
_xExposiciones
_zBrasil
_9631
650 1 4 _aIndígenas de America del Sur
_vExposiciones
_xCultura material
_zBrasil
_9632
650 1 4 _aHistoria natural
_vExposiciones
_zBrasil
_9633
650 1 4 _aViajeros
_vExposiciones
_xHistoria
_zBrasil
_9634
651 4 _aBrasil
_xDescripción y viajes
_9635
700 1 _aBelluzzo, Ana María de Morales
_9636
942 _2lcc
_cB
999 _c143
_d143